000 00316nam a22001337a 4500
008 170620b xxu||||| |||| 00| 0 eng d
020 _a00307166365
041 _aeng
080 _a94
100 _a18
101 _aSHH
245 _aTWENTY FIVE YEARS REVOLUTION CUBA 1939 1984
_cHALEBSKY/S
942 _2udc
_cBK
999 _c18259
_d18259